Environmentálnogeochemický prieskum chránenej krajinnej oblasti Malé Karpaty a jej okolia

Bibliographic Details
Main Authors: Khun, Miloslav, 1947- (Author), Ďurža, Ondrej (Author), Jurkovič, Ľubomír, 1973- (Author), Streško, Vladimír, 1938- (Author), Veselský, Jozef, 1933- (Author)
Format: Article
Language:Slovak
Subjects:

MARC

LEADER 00000nab a2200000 a 4500
001 vtls000858599
003 SK-MaSNL
005 20260304124237.0
008 250429c2003 xo 0 slo
015 |a SNBRB2004/01-02005 
035 |a CLN000210247 
035 |a (urnnbn)urn:nbn:sk:snk:ar-005koc 
035 |a (uuid)3f68fada-44e2-4b4c-9500-6aee5e192dbe 
035 |a urn:nbn:sk:snk-ab80s3 
040 |a SNKBUCL  |b slo  |c SNKBUCL  |e AACR2 
041 0 |a slo 
044 |a xo  |c SK 
080 |a 550.42(234.372.3)  |2 1997 
080 |a 504.064(234.372.3)  |2 1997 
245 0 0 |a Environmentálnogeochemický prieskum chránenej krajinnej oblasti Malé Karpaty a jej okolia  |c Jozef Veselský ... [et al.] 
300 |b Obr., tab. 
504 |a Res. angl. 
504 |a Bibliogr. odkazy 
650 0 7 |a prieskum geochemický  |x kovy ťažké  |x prostredie životné  |z Malé Karpaty (Slovensko : prírodná rezervácia)  |2 snkbucl  |9 1434875 
651 7 |a Chránená krajinná oblasť Malé Karpaty (Slovensko)  |2 snkbucl  |9 26647 
655 7 |a články z novín a časopisov  |2 snkbucl  |9 267496 
700 1 |a Khun, Miloslav,  |d 1947-  |4 aut  |9 17702 
700 1 |a Ďurža, Ondrej  |4 aut  |9 304303 
700 1 |a Jurkovič, Ľubomír,  |d 1973-  |4 aut  |9 204762 
700 1 |a Streško, Vladimír,  |d 1938-  |4 aut  |9 41614 
700 1 |a Veselský, Jozef,  |d 1933-  |4 aut  |9 41631 
773 0 |t Mineralia slovaca  |g Roč. 35, č. 2 (2003), s. 131-136  |x 0369-2086 
850 |a Slovenská národná knižnica 
852 |a Slovenská národná knižnica 
954 |a odborná, vedecká literatúra pôvodná (slovenská)  |2 lita 
958 |a article9 
958 |a SK 
958 |a NB 
958 |a OND 
958 |a EUIPO 
992 |a RBX 
999 |c 2890921  |d 2892851